Thyroid Function in major depressive and dysthymic disorders / (رقم التسجيلة. 177889)

تفاصيل مارك
000 -LEADER
fixed length control field 01356namaa22003131i 4500
005 - أخر تعامل مع التسجيلة
control field 20260222115724.0
008 - FIXED-LENGTH DATA ELEMENTS--GENERAL INFORMATION
fixed length control field 260120s1997 ua a|||frm||| 000 0 eng d
040 ## - CATALOGING SOURCE
Original cataloguing agency EG-GICUC
Language of cataloging eng
Transcribing agency EG-GICUC
Modifying agency EG-GICUC
Description conventions rda
041 0# - LANGUAGE CODE
Language code of text/sound track or separate title eng
Language code of summary or abstract eng
-- ara
049 ## - Acquisition Source
Acquisition Source Deposit
097 ## - Degree
Degree M.Sc
099 ## - LOCAL FREE-TEXT CALL NUMBER (OCLC)
Local Call Number Cai01.11.21.M.Sc.1997.Ta.T
100 0# - MAIN ENTRY--PERSONAL NAME
Authority record control number or standard number Tarek Mahmoud Shokry Megahed,
Preparation preparation.
245 10 - TITLE STATEMENT
Title Thyroid Function in major depressive and dysthymic disorders /
Statement of responsibility, etc. By Tarek Mahmoud Shokry Megahed ; Supervised Dr. Samia Abdel-Rahman Ahmed, Dr. Azza A. El-Bakry
246 15 - VARYING FORM OF TITLE
Title proper/short title وظائف الغدة الدرقية وعلاقتها بالاكتئاب الجسيم والاضطرابات العسر وجدانية
264 #0 - PRODUCTION, PUBLICATION, DISTRIBUTION, MANUFACTURE, AND COPYRIGHT NOTICE
Date of production, publication, distribution, manufacture, or copyright notice 1997.
300 ## - PHYSICAL DESCRIPTION
Extent 240 pages
Other physical details illustrations
Dimensions 25 cm. +
336 ## - CONTENT TYPE
Source rda content
Content type term text
337 ## - MEDIA TYPE
Source rdamedia
Media type term Unmediated
338 ## - CARRIER TYPE
Source rdacarrier
Carrier type term volume
502 ## - DISSERTATION NOTE
Dissertation note Thesis (M.Sc.)-Cairo University, 1997
504 ## - BIBLIOGRAPHY, ETC. NOTE
Bibliography, etc. note Bibliography: pages 196-240
653 #0 - INDEX TERM--UNCONTROLLED
Uncontrolled term Thyroid Function
-- major depressive
-- dysthymic disorders
700 0# - ADDED ENTRY--PERSONAL NAME
Personal name Samia Abdel-Rahman Ahmed
Relator term thesis advisor.
700 0# - ADDED ENTRY--PERSONAL NAME
Personal name Azza A. El-Bakry
Relator term thesis advisor.
900 ## - Thesis Information
Department Department of Neuropsycheatry
Faculties Faculty of Medicine
Universities Cairo University
Grant date 1997
Supervisory body Samia Abdel-Rahman Ahmed
-- Azza A. El-Bakry
905 ## - Cataloger and Reviser Names
Cataloger Name Nehad
Reviser Names Nourhan
942 ## - ADDED ENTRY ELEMENTS (KOHA)
Source of classification or shelving scheme Dewey Decimal Classification
Koha item type Thesis
Edition 21
Suppress in OPAC No
المقتنيات
Source of classification or shelving scheme Home library Current library Date acquired Inventory number Full call number Barcode Date last seen Effective from Koha item type
Dewey Decimal Classification المكتبة المركزبة الجديدة - جامعة القاهرة مكتبة المئوية 20.01.2026 30636 Cai01.11.21.M.Sc.1997.Ta.T 01010110030636000 20.01.2026 20.01.2026 Thesis
Cairo University Libraries Portal Implemented & Customized by: Eng. M. Mohamady Contacts: new-lib@cl.cu.edu.eg | cnul@cl.cu.edu.eg
CUCL logo CNUL logo
© All rights reserved — Cairo University Libraries
CUCL logo
Implemented & Customized by: Eng. M. Mohamady Contact: new-lib@cl.cu.edu.eg © All rights reserved — New Central Library
CNUL logo
Implemented & Customized by: Eng. M. Mohamady Contact: cnul@cl.cu.edu.eg © All rights reserved — Cairo National University Library